Tvorba cenových limitov záverečná práca postgraduálneho štúdia

Guardado en:
Detalles Bibliográficos
Autor principal: Thomková, Darina
Autor Corporativo: Vysoká škola ekonomická v Bratislave
Otros Autores: Rajňák, Milan
Formato: Libro
Lenguaje:eslovaco
Publicado: Bratislava 1988
Etiquetas: Agregar Etiqueta
Sin Etiquetas, Sea el primero en etiquetar este registro!

MARC

LEADER 00000nam a2200000 4500
001 c029747
005 20260108081430.5
041 0 |a slo 
044 |a SK 
245 1 0 |a Tvorba cenových limitov  |b záverečná práca postgraduálneho štúdia  |c Darina Thomková ; ved. práce Milan Rajňák 
264 1 |a Bratislava  |c 1988 
300 |a 63 s. 
100 1 |a Thomková, Darina 
700 1 |a Rajňák, Milan 
710 2 |a Vysoká škola ekonomická v Bratislave